Countries with Native Cacti - Statistics

General Stats
  • This quiz has been taken 35 times
    31 since last reset
  • The average score is 45 of 65
Answer Stats
Type Answer % Correct
General species Argentina
100%
General species Chile
100%
General species Mexico
100%
General species United States
100%
General species Brazil
96%
General species Bolivia
91%
General species Nicaragua
91%
General species Paraguay
91%
General species Uruguay
91%
General species Barbados
87%
General species Canada
87%
General species Colombia
87%
General species Cuba
87%
General species Dominican Republic
87%
General species Guatemala
87%
General species Guyana
87%
General species Panama
87%
General species Saint Lucia
87%
General species Suriname
87%
General species Trinidad and Tobago
87%
General species Venezuela
87%
General species Bahamas
83%
General species Belize
83%
General species El Salvador
83%
General species Grenada
83%
General species Haiti
83%
General species Honduras
83%
General species Saint Kitts and Nevis
83%
General species Antigua and Barbuda
78%
General species Costa Rica
78%
General species Dominica
78%
General species Ecuador
78%
Rhipsalis baccifera Democratic Republic of the Congo
70%
General species Jamaica
70%
General species Peru
70%
General species Peru
70%
General species Saint Vincent and the Grenadines
70%
Rhipsalis baccifera Guinea
65%
Rhipsalis baccifera Zambia
65%
Rhipsalis baccifera Burundi
61%
Rhipsalis baccifera Ghana
61%
Rhipsalis baccifera Kenya
61%
Rhipsalis baccifera Republic of the Congo
61%
Rhipsalis baccifera South Africa
61%
Rhipsalis baccifera Tanzania
61%
Rhipsalis baccifera Zimbabwe
61%
Rhipsalis baccifera Angola
57%
Rhipsalis baccifera Madagascar
57%
Rhipsalis baccifera Nigeria
57%
Rhipsalis baccifera Rwanda
57%
Rhipsalis baccifera Uganda
57%
Rhipsalis baccifera Cameroon
52%
Rhipsalis baccifera Gabon
52%
Rhipsalis baccifera South Sudan
52%
Rhipsalis baccifera Ethiopia
48%
Rhipsalis baccifera Lesotho
48%
Rhipsalis baccifera Cote d'Ivoire
43%
Rhipsalis baccifera Equatorial Guinea
43%
Rhipsalis baccifera Mauritius
43%
Rhipsalis baccifera Sierra Leone
43%
Rhipsalis baccifera Comoros
35%
Rhipsalis baccifera Liberia
35%
Rhipsalis baccifera Seychelles
35%
Rhipsalis baccifera Maldives
17%
Rhipsalis baccifera Sri Lanka
17%
No matching quizzes found
Score Distribution
Percent of People with Each Score
Percentile by Number Answered
Your Score History
You have not taken this quiz since the last reset